|
|
|
|
| LEADER |
01105nam a2200241 u 4500 |
| 001 |
10111037 |
| 003 |
GR-PaULI |
| 005 |
20240401123618.0 |
| 008 |
131224s2019 gr a f 1 0bgre d |
| 040 |
|
|
|a GR-PaULI
|c GR-PaULI
|b gre
|e AACR2
|
| 041 |
1 |
|
|a gre
|h spa
|
| 082 |
0 |
4 |
|a 335.409 2
|2 23
|
| 100 |
1 |
|
|a Bermudo, Avila, J. M.,
|q (José Manuel),
|d 1943-
|e συγγραφέας.
|9 202841
|
| 245 |
1 |
0 |
|a Μαρξ :
|b από την αρχαία στη σύγχρονη αγορά /
|c José Manuel Bermudo..
|
| 260 |
|
|
|a Αθήνα :
|b [χ.ό.],
|c 2019.
|
| 300 |
|
|
|a 141 σ. ;
|c 24 εκ.
|
| 600 |
|
0 |
|a Marx, Karl
|d 1818-1883,
|9 78395
|x Ερμηνεία και κριτική.
|
| 700 |
1 |
|
|9 202840
|a Τσικοπούλου, Σταυρούλα
|e μεταφράστρια.
|
| 700 |
1 |
|
|a Κυριαζόπουλος, Νάσος
|e μεταφραστής.
|9 12651
|
| 942 |
|
|
|2 ddc
|c BK
|
| 952 |
|
|
|0 0
|1 0
|2 ddc
|4 0
|6 335_409000000000000_2_ΒΕΡ
|7 0
|9 378964
|a LISP
|b LISP
|c DON
|d 2024-04-01
|e ΠΑΤ
|i 364702
|l 0
|o 335.409 2 ΒΕΡ
|p 025000309119
|r 2024-04-01 00:00:00
|t 1
|w 2024-04-01
|y BKN
|
| 998 |
|
|
|c ΜΠΟΥΡΑΣ
|d 2024-04
|
| 999 |
|
|
|c 220297
|d 220297
|